000 00693nac a22001691u 4500
020 _a0136163688 (pbk.)
082 _a658.8342094
_bD815
090 _c1184
_d1184
100 _aDubois, Bernard,
245 _aUnderstanding the consumer :
_ba European perspective /
_cBernard Dubois.
260 _aLondon :
_bPrentice Hall Europe,
_c2000.
300 _axii,323p. :
_bill. ;
_c24cm.
504 _aIncludes bibliographical references and index.
650 _aConsumer behavior
_zEurope.
942 _cBB
_k658.8342094D815
999 _c1184
_d1184